Advanced engineering mathematics : (Record no. 153491)

MARC details
000 -LEADER
fixed length control field 00780nam a22002057a 4500
005 - DATE AND TIME OF LATEST TRANSACTION
control field 20180706124219.0
010 ## - LCCN (DPL NO)
LC control number ENG-123394
020 ## - INTERNATIONAL STANDARD BOOK NUMBER
Terms of availability 850.00
International Standard Book Number 9789352533831
035 ## - SYSTEM CONTROL NUMBER
System control number EN-106926
037 ## - SOURCE OF ACQUISITION
Source of stock number/acquisition DBAD/PUB
082 ## - DEWEY DECIMAL CLASSIFICATION NUMBER
Classification number 620.00151
100 ## - MAIN ENTRY--PERSONAL NAME
Personal name Dass, S.K.
245 00 - TITLE STATEMENT
Title Advanced engineering mathematics :
Statement of responsibility, etc by S.K. Dass
Remainder of title (for the students of M.E., B.E. and other engineering examinations /
250 ## - EDITION STATEMENT
Edition statement 22nd Revi.edn.
260 ## - PUBLICATION, DISTRIBUTION, ETC. (IMPRINT)
Place of publication, distribution, etc New Delhi
Name of publisher, distributor, etc S. Chand and Company
Date of publication, distribution, etc 2018
270 ## - ADDRESS
Address 7361, Ram Nagar,
City New Delhi
Postal code 110055
300 ## - PHYSICAL DESCRIPTION
Extent xxv, 1410p.
Dimensions 26cm(pbk)
Other physical details ill.
500 ## - GENERAL NOTE
General note It includes paper June 2016 (I & II), Paper December 2016 (I & II), Paper June 2017 (I & II), Paper Dec. 2017 (I&II) and index.
942 ## - ADDED ENTRY ELEMENTS (KOHA)
Source of classification or shelving scheme Dewey Decimal Classification
Item type English Books
Call number suffix DAS
Classification part 620.00151
Holdings
Withdrawn status Lost status Not for loan Collection code Home library Current library Date acquired Source of acquisition Cost, normal purchase price Full call number Barcode Copy number Cost, replacement price Koha item type
    Not For Loan Non-fiction D.B.Act.Division Central Library 06/07/2018 DBAD/PUB 850.00 620.00151 DAS EN-106926 1 850.00 English Books

© Delhi Public Library
Hit Counter
free hit counter